| 000 | 03775cam a22012374i 4500 | ||
|---|---|---|---|
| 003 | PE-LiUPU | ||
| 005 | 20250813185350.0 | ||
| 008 | 150519s2010 ag rb 000 0 spa d | ||
| 020 | _a9789870008996 | ||
| 035 | _a(Sirsi) i9789870008996 | ||
| 040 |
_aPE-LiUPU _bspa _cPE-LiUPU _erda |
||
| 049 | _aPRUA | ||
| 082 | 0 | 4 |
_a370.982 _bC22 |
| 100 | 1 |
_aCaminos, Miguel Ángel, _eautor. |
|
| 245 | 1 | 3 |
_aEl sentido de educar / _cMiguel Ángel Caminos. |
| 250 | _a1a ed. | ||
| 264 | 1 |
_aBuenos Aires : _bLumen, _c2010. |
|
| 300 |
_a175 páginas ; _c22 centímetros |
||
| 336 |
_atext _2rdacontent |
||
| 337 |
_aunmediated _2rdamedia |
||
| 338 |
_avolume _2rdacarrier |
||
| 504 | _aBibliografía: páginas 173-175. | ||
| 505 | 0 | _a¿Hacia donde van los jóvenes? -- Así ocurre -- Creencias e idolatrías -- La responsabilidad -- Un llamado al sentido común -- Oído interior -- La persecución de trivial -- La familia como sostén -- Educar en libertad -- Más alla de las palabras -- Prejuicios de nuestro tiempo -- La esencia del aprendizaje -- Pensar la vida -- Contra corriente -- El diálogo honesto -- Aprendizaje reflexivo -- ¿Qué es la igualdad? -- El origen de las ilusiones -- La educación en las familias -- Las relaciones familiares -- Los padres y la educación -- El amor a los hijos -- Mitos y realidades -- Aprender de uno mismo -- Familias angustiadas -- La educación en las escuelas -- Escuelas que eduquen -- La función del docente -- El diálogo en las aulas -- El futuro de los estudiantes -- Cultivar la inteligencia -- La tecnología -- Seguir aprendiendo. | |
| 526 | _aP202 | ||
| 526 | _aP201 | ||
| 526 | _aP163 | ||
| 526 | _aP162 | ||
| 526 | _aP161 | ||
| 526 | _aP160 | ||
| 526 | _aP148 | ||
| 526 | _aP147 | ||
| 526 | _aP146 | ||
| 526 | _aP145 | ||
| 526 | _aP144 | ||
| 526 | _aP143 | ||
| 526 | _aP142 | ||
| 526 | _aP141 | ||
| 526 | _aP140 | ||
| 526 | _aP139 | ||
| 526 | _aP138 | ||
| 526 | _aP137 | ||
| 526 | _aP136 | ||
| 526 | _aP135 | ||
| 526 | _aP134 | ||
| 526 | _aP133 | ||
| 526 | _aP129 | ||
| 526 | _aP128 | ||
| 526 | _aP127 | ||
| 526 | _aP120 | ||
| 526 | _aP119 | ||
| 526 | _aP118 | ||
| 526 | _aP116 | ||
| 526 | _aP115 | ||
| 526 | _aP114 | ||
| 526 | _aP110 | ||
| 526 | _aP109 | ||
| 526 | _aP108 | ||
| 526 | _aP104 | ||
| 526 | _aP103 | ||
| 526 | _aP102 | ||
| 526 | _aP99 | ||
| 526 | _aP98 | ||
| 526 | _aP97 | ||
| 526 | _aP96 | ||
| 526 | _aP95 | ||
| 526 | _aP93 | ||
| 526 | _aP90 | ||
| 526 | _aP89 | ||
| 526 | _aP88 | ||
| 526 | _aP83 | ||
| 526 | _aP82 | ||
| 526 | _aP62 | ||
| 526 | _aP59 | ||
| 526 | _aP58 | ||
| 526 | _aP57 | ||
| 526 | _aP51 | ||
| 526 | _aP49 | ||
| 526 | _aP48 | ||
| 526 | _aP47 | ||
| 526 | _aP29 | ||
| 526 | _aP24 | ||
| 526 | _aP20 | ||
| 526 | _aP19 | ||
| 526 | _aP17 | ||
| 526 | _aP15 | ||
| 526 | _aP14 | ||
| 526 | _aP12 | ||
| 526 | _aP10 | ||
| 526 | _aP09 | ||
| 526 | _aP08 | ||
| 526 | _aP07 | ||
| 526 | _aP06 | ||
| 526 | _aP05 | ||
| 526 | _aP04 | ||
| 526 | _aP01 | ||
| 541 | _g043-0014414; | ||
| 650 | 0 |
_aCambio Educacional _zAmérica Latina. |
|
| 650 | 0 |
_aEducación _xSocial aspects _zAmerica Latina. |
|
| 650 | 1 | 4 |
_aCambio Educacional _zArgentina. |
| 910 |
_ardg _bjck _crdg _d20150519 |
||
| 942 |
_2ddc _cBOOK |
||
| 949 |
_a370.982 C22 _wDEWEY _c1 _i71269 _lCCODEBUL1 _mBUL _p8.50 _r0 _sY _tBOOK _u2015-5-19 _xEDUCACION _PP20 _0COMPRA _o.STAFF. Colección General |
||
| 994 |
_aC0 _bPEPRU |
||
| 596 | _a1 | ||
| 999 |
_a370.982 C22 _wDEWEY _c20056 _i71269 _d20056 _e2017-1-25 _f2021-11-8 _g5 _lCCODEBUL1 _mBUL _n1 _p8.50 _q5 _r0 _sY _tBOOK _u2015-5-19 _xEDUCACION _PP20 _0COMPRA _o.STAFF. Colección General |
||
| 980 |
_81 _gALBERTO SANCHEZ Responsable de Automatización |
||